La posición monetaria neta (Registro nro. 24695)

Detalles MARC
000 -LEADER
fixed length control field 00313 a2200109 4500
001 - CONTROL NUMBER
control field ART_10102
005 - DATE AND TIME OF LATEST TRANSACTION
control field 20260410161847.0
008 - FIXED-LENGTH DATA ELEMENTS--GENERAL INFORMATION
fixed length control field 260409a
100 1# - MAIN ENTRY--PERSONAL NAME
Personal name Olivera, Julio H.G.
245 10 - TITLE STATEMENT
Title La posición monetaria neta
773 0# - HOST ITEM ENTRY
Title Económica
Related parts - Año XIV, Nº 1/2 (ene./ago. 1968)
Record control number REV7541

No hay ítems disponibles.